Akustický hluk vonkajších elektrických vedení

Salvato in:
Dettagli Bibliografici
Autore principale: Uličný, Stanislav (Autore)
Altri autori: Bendík, Jozef (Relatore della tesi)
Natura: Manoscritto Libro
Lingua:slovacco
Pubblicazione: Bratislava : STU v Bratislave FEI, 2025
Soggetti:
Accesso online:https://opac.crzp.sk/?fn=detailBiblioFormChildG11S9OG&sid=BA75C2D62745AD5726EC949ED92F&seo=CRZP-detail-kniha
Tags: Aggiungi Tag
Nessun Tag, puoi essere il primo ad aggiungerne!!

MARC

LEADER 00000ntm a22000003a 4500
001 stuzp102218
003 SK-STU
005 20260203100836.6
007 ta
008 150427s2015----xo-----f-mn---000-0-slo-d
040 |a STU  |b slo 
041 0 |a slo 
044 |a xo 
100 1 |a Uličný, Stanislav  |u 032000  |4 aut  |U FEI Fakulta elektrotechniky a informatiky  |T FEI Ústav elektroenergetiky a aplikovanej elektrotechniky  |X 120682  |U E020  |Y 548  |7 120682 
242 0 1 |a Acoustic Noise of Overhead Power Lines  |y eng 
245 1 0 |a Akustický hluk vonkajších elektrických vedení 
260 |a Bratislava :  |b STU v Bratislave FEI,  |c 2025 
300 |a 47 s. 
650 4 |a Akustický hluk  |2 slo 
650 4 |a Zvuk koróny  |2 slo 
650 4 |a Korónový jav  |2 slo 
650 4 |a Vonkajšie elektrické vedenie  |2 slo 
650 4 |a Corona noise  |2 eng 
650 4 |a Acoustic noise  |2 eng 
650 4 |a Corona effect  |2 eng 
650 4 |a Overhead power lines  |2 eng 
700 1 |a Bendík, Jozef  |u 032000  |k Z1  |4 ths  |U FEI Fakulta elektrotechniky a informatiky  |T FEI Ústav elektroenergetiky a aplikovanej elektrotechniky  |X 6068  |U E020  |Y 548  |7 A000006068 
856 4 |u https://opac.crzp.sk/?fn=detailBiblioFormChildG11S9OG&sid=BA75C2D62745AD5726EC949ED92F&seo=CRZP-detail-kniha